UM Logo

Physical education handbook / (Record no. 8114)

MARC details
000 -LEADER
fixed length control field 00659nam a2200181 4500
008 - FIXED-LENGTH DATA ELEMENTS--GENERAL INFORMATION
fixed length control field 171213b xxu||||| |||| 00| 0 eng d
020 ## - INTERNATIONAL STANDARD BOOK NUMBER
International Standard Book Number 013666900X
082 ## - DEWEY DECIMAL CLASSIFICATION NUMBER
Edition number 1992
Classification number DC 796.07
Item number P56
100 ## - MAIN ENTRY--PERSONAL NAME
9 (RLIN) 25108
Personal name Seaton, Don Cash, author.
245 ## - TITLE STATEMENT
Title Physical education handbook /
Statement of responsibility, etc. Don Cash Seaton ... [et al.].
250 ## - EDITION STATEMENT
Edition statement Eigth edition.
260 ## - PUBLICATION, DISTRIBUTION, ETC. (IMPRINT)
Place of publication, distribution, etc. Englewood Cliffs, N.J. :
Name of publisher, distributor, etc. Prentice Hall,
Date of publication, distribution, etc. ©1992.
300 ## - PHYSICAL DESCRIPTION
Extent xvi, 430 pages :
Other physical details illustrations ;
Dimensions 29 cm.
500 ## - GENERAL NOTE
General note Includes bibliographical references.
650 #0 - SUBJECT ADDED ENTRY--TOPICAL TERM
9 (RLIN) 25109
Topical term or geographic name as entry element Physical education and training
General subdivision Study and teaching
700 ## - ADDED ENTRY--PERSONAL NAME
9 (RLIN) 25110
Personal name Schmottlach, Neil, author.
942 ## - ADDED ENTRY ELEMENTS (KOHA)
Source of classification or shelving scheme Dewey Decimal Classification
Koha item type Circulation
Holdings
Withdrawn status Lost status Source of classification or shelving scheme Damaged status Not for loan Collection code Home library Current library Date acquired Source of acquisition Total Checkouts Full call number Barcode Date last seen Copy number Price effective from Koha item type
    Dewey Decimal Classification     Circulation UM Digos College - LIC UM Digos College - LIC 09/04/2000 Photocopied   DC 796.07 P56 1992 14509 06/08/2021 1 12/13/2017 Circulation